000 00642nam a2200181Ia 4500
008 151202s9999||||xx |||||||||||||| ||und||
082 _bPNVM-7938
100 _aओक वामन.
245 _aपारमार्थिक कवितासंग्रह.
260 _b"निर्णयसागर प्रकाशन,मुंबई."
260 _c0
300 _a156
600 _aओक वामन.
630 _aपारमार्थिक कवितासंग्रह.
700 _aओक वामन.
730 _aपारमार्थिक कवितासंग्रह.
942 _cBOOK
999 _c1273927
_d1273924